000 00648nam a2200229Ia 4500
003 OSt
005 20220926004243.0
006 a|||||r|||| 00| 0
007 ta
008 220923b |||||||| |||| 00| 0 eng d
037 _cGeneral Book
040 _aRTL
_cRTL
_beng
041 _2eng
_aeng
082 _aU44.2.N9, N3
100 _aSingh R P and others Ed.
_9308654
245 0 _aRural development in India
260 _a New Delhi
_bRadha Publications India
_c1993
300 _axiv,323p
_ccm.
650 _aRural Geography
942 _hU44.2.N9, N3
_cGB
_2CC
999 _c610390
_d610390